000 00994nam a2200241 a 4500
999 _c11538
_d11538
003 BD-JhCC
005 20220824100747.0
008 200219s20172018b |||| |||| 000 0 ban d
020 _a9789843420701
035 _a(BD-JhCC)
040 _aBD-JhCC
_dBD-JhCC
041 _aban
082 _a581.1076
_bJIB 2018
245 _aজীববিজ্ঞান অলিম্পিয়াড সংকলন /
_cসম্পাদনায় সৌমিত্র চক্রবর্তী এবং অনিরুদ্ধ প্রামানিক
250 _a২য় সংস্করণ.
260 _aঢাকা :
_bল্যাব বাংলা,
_c২০১৮
300 _a৩১২ পৃ. : চিত্রাবলী;
_c১৯ সেমি.
650 _aPlant physiology
650 _aBiology Olympiad
700 _aচক্রবর্তী, সৌমিত্র
700 _aপ্রামানিক, অনিরুদ্ধ
942 _2ddc
_cBK
_013